[Event "All China Games"]
[Site "Suzhou"]
[Date "2006.05.20"]
[EventDate "2006.05.20"]
[Round "1"]
[Result "0-1"]
[White "Wang Hao"]
[Black "Wu Xibin"]
[WhiteElo "2605"]
[BlackElo "2394"]
[PlyCount "73"]

1. e4 c5 2. Nf3 e6 3. d4 cxd4 4. Nxd4 Nc6 5. Nc3 Qc7 6. g3 a6
7. Bg2 Nf6 8. O-O d6 9. Nxc6 bxc6 10. Na4 Be7 11. c4 Bb7
12. Re1 c5 13. b3 O-O 14. Bb2 Nd7 15. f4 Rad8 16. Qg4 Bf6
17. e5 dxe5 18. Bxb7 Qxb7 19. fxe5 Be7 20. Nc3 f5 21. exf6
Bxf6 22. Na4 Kh8 23. Rad1 Bxb2 24. Nxb2 e5 25. Na4 Nf6 26. Qe2
e4 27. Qe3 Rde8 28. Qxc5 Ng4 29. Rf1 Rf3 30. Rde1 Qf7 31. Nc3
Rf8 32. Rxf3 exf3 33. Nd1 f2+ 34. Nxf2 Nxf2 35. Qe3 h6 36. h4
Qb7 37. Re2 0-1

[Event "Chinese Championship"]
[Site "Wuxi CHN"]
[Date "2006.06.25"]
[EventDate "2006.06.25"]
[Round "1"]
[Result "1/2-1/2"]
[White "Zhao Jun"]
[Black "Wang Hao"]
[WhiteElo "2525"]
[BlackElo "2605"]
[PlyCount "87"]

1. d4 Nf6 2. c4 e6 3. Nf3 b6 4. g3 Ba6 5. b3 Bb4+ 6. Bd2 Be7
7. Bg2 c6 8. Bc3 d5 9. Nbd2 Nbd7 10. O-O O-O 11. Qc2 Rc8
12. e4 Nxe4 13. Nxe4 dxe4 14. Qxe4 b5 15. c5 b4 16. Bxb4 Nf6
17. Qc2 Nd5 18. Bd2 Bxf1 19. Rxf1 Bf6 20. h4 Ne7 21. Rd1 Nf5
22. Bf4 Nxd4 23. Nxd4 Bxd4 24. Bd6 Qf6 25. Bxf8 Kxf8 26. Rd2
g6 27. Kh2 Kg7 28. Kg1 h6 29. Qc4 e5 30. b4 g5 31. hxg5 hxg5
32. Qe2 Rb8 33. a3 a5 34. Qf3 Qxf3 35. Bxf3 axb4 36. axb4 Rxb4
37. Bxc6 Bxc5 38. Kg2 f5 39. Rc2 Bb6 40. Bd7 f4 41. gxf4 gxf4
42. f3 Kf6 43. Bc6 Rb1 44. Be4 1/2-1/2

[Event "Chinese Championship"]
[Site "Wuxi CHN"]
[Date "2006.06.26"]
[EventDate "2006.06.25"]
[Round "2"]
[Result "0-1"]
[White "Wang Hao"]
[Black "Zhou Jianchao"]
[WhiteElo "2605"]
[BlackElo "2525"]
[PlyCount "64"]

1. e4 c5 2. Nf3 d6 3. d4 cxd4 4. Nxd4 Nf6 5. Nc3 a6 6. Be3 e5
7. Nb3 Be7 8. f3 Be6 9. Qd2 O-O 10. O-O-O Nbd7 11. g4 b5
12. g5 b4 13. Ne2 Ne8 14. f4 a5 15. f5 a4 16. fxe6 axb3
17. exf7+ Rxf7 18. Kb1 bxc2+ 19. Kxc2 Nb6 20. Nc1 d5 21. exd5
Nd6 22. Kb1 Nbc4 23. Bxc4 Nxc4 24. Qe2 Nxe3 25. g6 hxg6
26. Qxe3 Bd6 27. Rhg1 Qf6 28. Qe4 Qf5 29. Rde1 Ra5 30. Rxg6
Qxe4+ 31. Rxe4 Rxd5 32. Kc2 Rc7+ 0-1

[Event "Chinese Championship"]
[Site "Wuxi CHN"]
[Date "2006.06.28"]
[EventDate "2006.06.25"]
[Round "4"]
[Result "1/2-1/2"]
[White "Wang Hao"]
[Black "Xu Jun"]
[WhiteElo "2605"]
[BlackElo "2591"]
[PlyCount "77"]

1. e4 c5 2. Nf3 e6 3. d4 cxd4 4. Nxd4 Qb6 5. Nc3 Bc5 6. Na4
Qa5+ 7. c3 Bxd4 8. Qxd4 Nf6 9. Nc5 Nc6 10. Qd6 b6 11. Nb3 Qe5
12. Qxe5 Nxe5 13. f4 Ng6 14. e5 Nd5 15. g3 Bb7 16. Bg2 O-O-O
17. a4 d6 18. exd6 Rxd6 19. O-O Nge7 20. a5 Nc7 21. Be3 Bxg2
22. Kxg2 Rhd8 23. Bd4 f6 24. Rfe1 Kb7 25. Nd2 Nf5 26. axb6
axb6 27. Nf3 h5 28. Bf2 Ra8 29. Rxa8 Kxa8 30. h3 Kb7 31. g4
hxg4 32. hxg4 Ne7 33. Bg3 Nc6 34. Re2 Rd1 35. Nd2 Nd8 36. Nf3
Nc6 37. Bf2 Rd3 38. Bg3 e5 39. fxe5 1/2-1/2

[Event "Chinese Championship"]
[Site "Wuxi CHN"]
[Date "2006.06.29"]
[EventDate "2006.06.25"]
[Round "5"]
[Result "1/2-1/2"]
[White "Li Shilong"]
[Black "Wang Hao"]
[WhiteElo "2539"]
[BlackElo "2605"]
[PlyCount "58"]

1. Nf3 Nf6 2. c4 c6 3. d4 d5 4. Nc3 a6 5. c5 Nbd7 6. Bf4 Nh5
7. Bd2 Nhf6 8. Rc1 g6 9. h3 Qc7 10. g3 Bg7 11. Bf4 Qd8 12. Bg2
Nh5 13. Bg5 h6 14. Bd2 O-O 15. e4 dxe4 16. Nxe4 Nhf6 17. Nc3
Re8 18. O-O e5 19. dxe5 Nxe5 20. Nxe5 Rxe5 21. Na4 Bxh3
22. Bxh3 Rd5 23. Rc2 Ne4 24. Nb6 Nxd2 25. Nxd5 Nxf1 26. Bxf1
Qxd5 27. Qxd5 cxd5 28. Bg2 Rd8 29. Rd2 Kf8 1/2-1/2

[Event "Chinese Championship"]
[Site "Wuxi CHN"]
[Date "2006.07.02"]
[EventDate "2006.06.25"]
[Round "7"]
[Result "1-0"]
[White "Wang Hao"]
[Black "Bu Xiangzhi"]
[WhiteElo "2605"]
[BlackElo "2640"]
[PlyCount "73"]

1. e4 c5 2. Nf3 d6 3. d4 cxd4 4. Nxd4 Nf6 5. Nc3 a6 6. Be3 e5
7. Nb3 Be6 8. f3 Nbd7 9. g4 b5 10. g5 b4 11. Ne2 Nh5 12. Qd2
Be7 13. Ng3 Nf4 14. h4 h6 15. gxh6 Rxh6 16. O-O-O Bxh4
17. Bxf4 exf4 18. Nf5 Bxf5 19. exf5 Qb6 20. Kb1 Bg5 21. Bc4
Ne5 22. Qg2 f6 23. Be6 Ke7 24. Nd4 Qb7 25. Bb3 Rah8 26. Rhe1
Qb6 27. Qe2 Kd7 28. Qe4 Kc7 29. a3 bxa3 30. bxa3 Rh2 31. Ka2
Bh4 32. Rg1 Bg3 33. Rb1 Rd2 34. Ne6+ Kc8 35. Ba4 d5 36. Rxb6
dxe4 37. Rgb1 1-0

[Event "Chinese Championship"]
[Site "Wuxi CHN"]
[Date "2006.07.03"]
[EventDate "2006.06.25"]
[Round "8"]
[Result "1/2-1/2"]
[White "Chong Liang"]
[Black "Wang Hao"]
[WhiteElo "2514"]
[BlackElo "2605"]
[PlyCount "67"]

1. d4 d5 2. c4 c6 3. Nf3 Nf6 4. e3 Bf5 5. Nc3 e6 6. Bd3 Bxd3
7. Qxd3 Nbd7 8. O-O Bb4 9. a3 Bxc3 10. bxc3 Qa5 11. a4 O-O
12. Ba3 Rfc8 13. c5 Qd8 14. Rfb1 b6 15. Nd2 bxc5 16. dxc5 Rab8
17. Qa6 Qc7 18. f3 Rxb1+ 19. Rxb1 Rb8 20. Bb4 Qe5 21. Re1 Qc7
22. Nb3 e5 23. Na5 Rc8 24. Nb7 Ne8 25. e4 Ndf6 26. Nd6 Rb8
27. exd5 Nxd5 28. Rxe5 Nxb4 29. cxb4 Nxd6 30. cxd6 Qxd6
31. Re4 g6 32. h3 Rxb4 33. Rxb4 Qxb4 34. Qxc6 1/2-1/2

[Event "Chinese Championship"]
[Site "Wuxi CHN"]
[Date "2006.07.04"]
[EventDate "2006.06.25"]
[Round "10"]
[Result "1/2-1/2"]
[White "Wang Yue"]
[Black "Wang Hao"]
[WhiteElo "2598"]
[BlackElo "2605"]
[PlyCount "35"]

1. d4 d5 2. c4 c6 3. Nf3 Nf6 4. e3 Bf5 5. Nc3 e6 6. Nh4 Be4
7. f3 Bg6 8. Qb3 Qb6 9. Nxg6 hxg6 10. Bd2 Nbd7 11. O-O-O Qxb3
12. axb3 Bd6 13. h3 Nh5 14. Bd3 Ng3 15. Rhe1 O-O 16. e4 dxe4
17. Nxe4 Nxe4 18. Bxe4 1/2-1/2

[Event "Chinese Championship"]
[Site "Wuxi CHN"]
[Date "2006.07.06"]
[EventDate "2006.06.25"]
[Round "11"]
[Result "1/2-1/2"]
[White "Wang Hao"]
[Black "Ni Hua"]
[WhiteElo "2605"]
[BlackElo "2607"]
[PlyCount "62"]

1. e4 e6 2. d4 d5 3. Nc3 Nf6 4. Bg5 dxe4 5. Nxe4 Nbd7 6. Nf3
h6 7. Nxf6+ Nxf6 8. Be3 Nd5 9. Bd3 Nxe3 10. fxe3 Bd6 11. Qd2
Qe7 12. O-O-O Bd7 13. c4 c6 14. Qc3 O-O 15. c5 Bb8 16. Ne5
Bxe5 17. dxe5 b6 18. Bc2 Rfd8 19. Rd6 Be8 20. h4 bxc5 21. Rhd1
Qxh4 22. Qd3 Rdb8 23. Qh7+ Kf8 24. Qh8+ Ke7 25. Qxg7 Qg5
26. Qh8 c4 27. Ba4 Rb4 28. Bxc6 Bxc6 29. Rd8 Qxe3+ 30. Kb1
Rxb2+ 31. Kxb2 Qb6+ 1/2-1/2

[Event "Taiyuan Scheveningen"]
[Site "Taiyuan CHN"]
[Date "2006.07.10"]
[EventDate "2006.07.10"]
[Round "1"]
[Result "0-1"]
[White "Artyom Timofeev"]
[Black "Wang Hao"]
[WhiteElo "2657"]
[BlackElo "2610"]
[PlyCount "132"]

1. e4 e6 2. d4 d5 3. Nc3 Nf6 4. e5 Nfd7 5. f4 c5 6. Nf3 Nc6
7. Be3 Be7 8. Qd2 O-O 9. Be2 a6 10. O-O b5 11. Nd1 b4 12. Nf2
Qb6 13. c3 a5 14. g4 Ba6 15. Nd3 bxc3 16. bxc3 cxd4 17. cxd4
Nb4 18. f5 Rac8 19. Nfe1 Bg5 20. Nxb4 Bxe3+ 21. Qxe3 Bxe2
22. Rf4 Qxb4 23. Qxe2 g5 24. fxg6 fxg6 25. Rxf8+ Rxf8 26. Qe3
Nb6 27. Nd3 Qa3 28. Rf1 Rxf1+ 29. Kxf1 Nc4 30. Qh3 Qxa2 31. g5
Qb1+ 32. Kf2 Qc2+ 33. Kf1 Qd1+ 34. Ne1 Nd2+ 35. Kf2 Ne4+
36. Kf1 Nxg5 37. Qc3 Qg4 38. Qxa5 Qf4+ 39. Kg2 Qe4+ 40. Kf1
Qh1+ 41. Ke2 Qxh2+ 42. Kd1 Ne4 43. Nd3 Nf2+ 44. Kc2 Nxd3+
45. Kxd3 Qf4 46. Kc3 h5 47. Qb6 Qf5 48. Qd8+ Kg7 49. Qe7+ Qf7
50. Qd8 Qf3+ 51. Kd2 Qf5 52. Kc3 g5 53. Qe7+ Kh6 54. Kb4 h4
55. Qe8 h3 56. Qh8+ Kg6 57. Kc5 g4 58. Kd6 Kg5 59. Qd8+ Kf4
60. Qh4 Kf3 61. Qe1 g3 62. Qd1+ Kf4 63. Qd2+ Kg4 64. Qe2+ Qf3
65. Qc2 h2 66. Qg6+ Kh3 0-1

[Event "Taiyuan Scheveningen"]
[Site "Taiyuan CHN"]
[Date "2006.07.11"]
[EventDate "2006.07.10"]
[Round "2"]
[Result "1-0"]
[White "Wang Hao"]
[Black "Giovanni Portilho Vescovi"]
[WhiteElo "2610"]
[BlackElo "2619"]
[PlyCount "67"]

1. e4 c5 2. Nf3 e6 3. d4 cxd4 4. Nxd4 a6 5. Nc3 d6 6. Be3 b5
7. f3 Bb7 8. Qd2 Nd7 9. g4 Ne7 10. O-O-O Nc6 11. Nxc6 Bxc6
12. g5 Qa5 13. Kb1 Rb8 14. h4 Ne5 15. f4 b4 16. Nd5 Ng4
17. Bh3 h5 18. gxh6 Nxh6 19. Rhe1 Kd8 20. Ba7 Rb7 21. Qe3 exd5
22. exd5 Bb5 23. Bd4 Qc7 24. c4 Bd7 25. Bxd7 Qxd7 26. Bb6+ Kc8
27. c5 dxc5 28. Qe8+ Qxe8 29. Rxe8+ Kd7 30. Rd8+ Ke7 31. d6+
Ke6 32. d7 Be7 33. Rxh8 Rxd7 34. Rxh6+ 1-0

[Event "Taiyuan Scheveningen"]
[Site "Taiyuan CHN"]
[Date "2006.07.12"]
[EventDate "2006.07.10"]
[Round "3"]
[Result "1-0"]
[White "Dmitry Jakovenko"]
[Black "Wang Hao"]
[WhiteElo "2667"]
[BlackElo "2610"]
[PlyCount "119"]

1. e4 e5 2. Nf3 Nf6 3. Nxe5 d6 4. Nf3 Nxe4 5. Nc3 Nxc3 6. dxc3
Be7 7. Be3 Nc6 8. Qd2 Ne5 9. O-O-O O-O 10. h4 Bg4 11. Be2 Qc8
12. Kb1 Re8 13. h5 Bf8 14. Rh4 Be7 15. Rhh1 Bf8 16. Rde1 a6
17. h6 g6 18. Nxe5 dxe5 19. f3 Be6 20. Bg5 Qd7 21. Qe3 Bd5
22. Rd1 Qe6 23. b3 b5 24. Bh4 c6 25. Qd2 a5 26. Bxb5 Bxb3
27. axb3 cxb5 28. Qd5 a4 29. Qxe6 Rxe6 30. b4 Bxh6 31. Rd5 e4
32. fxe4 Bg7 33. Rxb5 Bxc3 34. e5 Bxe5 35. Re1 Bc3 36. Rxe6
fxe6 37. Ka2 a3 38. Rb7 e5 39. b5 e4 40. Rc7 Ba5 41. Rc6 Rb8
42. c4 e3 43. Kxa3 Kf7 44. Rf6+ Kg7 45. Re6 Rf8 46. Bg5 Rf2
47. Bxe3 Rxg2 48. b6 Kf7 49. Rc6 Bc3 50. b7 Bb2+ 51. Kb4 Be5
52. Kc5 Rb2 53. Rb6 Re2 54. Bd4 Bb8 55. Rc6 Re4 56. Bc3 Re3
57. Bb4 h5 58. Rc8 Ba7+ 59. Kb5 Re6 60. c5 1-0

[Event "Taiyuan Scheveningen"]
[Site "Taiyuan CHN"]
[Date "2006.07.14"]
[EventDate "2006.07.10"]
[Round "5"]
[Result "1-0"]
[White "Wang Hao"]
[Black "Karen Asrian"]
[WhiteElo "2610"]
[BlackElo "2635"]
[PlyCount "101"]

1. e4 c6 2. d4 d5 3. f3 g6 4. Nc3 Bg7 5. Be3 dxe4 6. fxe4 Nf6
7. Nf3 Qa5 8. Bd3 Ng4 9. Bd2 Qc7 10. e5 Na6 11. h3 Nh6 12. g4
Nb4 13. Bc4 Be6 14. Bxe6 fxe6 15. Ne4 Na6 16. Qe2 O-O-O
17. Neg5 Qd7 18. O-O-O Rdf8 19. Rhf1 Nf7 20. Ne4 Kb8 21. Kb1
Bh6 22. Bc3 Nc7 23. g5 Bg7 24. b3 Nd8 25. Bb2 h6 26. h4 Rf5
27. c4 Qe8 28. Ng3 Rff8 29. Rd3 hxg5 30. hxg5 c5 31. dxc5 Nc6
32. Rfd1 Rf4 33. Ne4 Na6 34. Nf6 Qc8 35. Nd7+ Ka8 36. a3 Nab8
37. Qe3 Rf5 38. Nd4 Nxd4 39. Rxd4 Nc6 40. R4d2 Na5 41. Qc3 Nc6
42. b4 Nxe5 43. b5 Rg8 44. Nxe5 Bxe5 45. Qxe5 Rxe5 46. Bxe5
Qf8 47. Ka2 Qc8 48. Ka1 b6 49. c6 a6 50. c7 axb5 51. Rd8 1-0

[Event "Taiyuan Scheveningen"]
[Site "Taiyuan CHN"]
[Date "2006.07.15"]
[EventDate "2006.07.10"]
[Round "6"]
[Result "1/2-1/2"]
[White "Wang Hao"]
[Black "Baadur Aleksandrovich Jobava"]
[WhiteElo "2610"]
[BlackElo "2651"]
[PlyCount "67"]

1. e4 c6 2. d4 d5 3. Nd2 dxe4 4. Nxe4 Bf5 5. Ng3 Bg6 6. h4 h6
7. Nf3 Nd7 8. h5 Bh7 9. Bd3 Bxd3 10. Qxd3 e6 11. Bf4 Qa5+
12. Bd2 Qc7 13. O-O-O Ngf6 14. Ne4 O-O-O 15. g3 Nxe4 16. Qxe4
Nf6 17. Qe2 Bd6 18. c4 c5 19. Bc3 cxd4 20. Rxd4 Rd7 21. Kb1
Qc6 22. Rhd1 Rhd8 23. g4 Bf4 24. Rxd7 Rxd7 25. Rxd7 Qxd7
26. Be5 Bxe5 27. Nxe5 Qe7 28. Qf3 Qd6 29. Qe2 Qe7 30. Qe3 Nd7
31. Nd3 Qd6 32. Kc2 Qc6 33. b3 a6 34. Ne5 1/2-1/2

[Event "GM Scheveningen"]
[Site "Taiyuan CHN"]
[Date "2006.07.17"]
[EventDate "2006.07.10"]
[Round "7"]
[Result "1-0"]
[White "Baadur Aleksandrovich Jobava"]
[Black "Wang Hao"]
[WhiteElo "2651"]
[BlackElo "2610"]
[PlyCount "91"]

1. c4 Nf6 2. Nf3 c6 3. g3 d5 4. Bg2 Bg4 5. Ne5 Bf5 6. cxd5
cxd5 7. Nc3 Nbd7 8. Qa4 e6 9. g4 Bg6 10. h4 a6 11. Nxd7 Qxd7
12. Qxd7+ Kxd7 13. h5 Be4 14. f3 Bc2 15. g5 Ne8 16. d3 d4
17. Kd2 dxc3+ 18. Kxc2 cxb2 19. Bxb2 Rc8+ 20. Kd1 h6 21. g6 f6
22. f4 Be7 23. e4 Nc7 24. a4 a5 25. Kd2 Bb4+ 26. Ke3 Na6
27. Rhc1 Nc5 28. Rc4 Nb3 29. Rd1 b6 30. Bf1 Rxc4 31. dxc4+ Ke7
32. c5 Bxc5+ 33. Kf3 Bd6 34. Bc4 Nc5 35. e5 fxe5 36. Rxd6 Kxd6
37. Bxe5+ Ke7 38. Bxg7 Rd8 39. Bxh6 Rd4 40. Bg5+ Kf8 41. h6
Rxc4 42. Bf6 Nd7 43. h7 Nxf6 44. h8=Q+ Ng8 45. Qh7 Rc3+
46. Ke2 1-0

[Event "Youth - Experience"]
[Site "Amsterdam NED"]
[Date "2006.08.20"]
[EventDate "2006.08.19"]
[Round "2"]
[Result "1/2-1/2"]
[White "Artur Yusupov"]
[Black "Wang Hao"]
[WhiteElo "2617"]
[BlackElo "2610"]
[PlyCount "37"]

1. d4 d5 2. c4 c6 3. Nf3 Nf6 4. Nc3 a6 5. c5 Bf5 6. e3 Nbd7
7. Be2 Ne4 8. O-O e6 9. Nd2 Nxd2 10. Bxd2 e5 11. Na4 Be7
12. dxe5 Nxc5 13. Nxc5 Bxc5 14. Rc1 Be7 15. Bc3 O-O 16. Bf3
Qd7 17. e4 dxe4 18. Qxd7 Bxd7 19. Bxe4 1/2-1/2

[Event "Youth - Experience"]
[Site "Amsterdam NED"]
[Date "2006.08.21"]
[EventDate "2006.08.19"]
[Round "3"]
[Result "0-1"]
[White "Wang Hao"]
[Black "Alexander Beliavsky"]
[WhiteElo "2610"]
[BlackElo "2625"]
[PlyCount "78"]

1. e4 e5 2. Nf3 Nc6 3. d4 exd4 4. Nxd4 Bc5 5. Be3 Qf6 6. c3
Nge7 7. Bc4 Ne5 8. Be2 Qg6 9. O-O d6 10. f3 O-O 11. Kh1 Bb6
12. a4 N5c6 13. Na3 f5 14. Nab5 fxe4 15. fxe4 Rxf1+ 16. Qxf1
Bd7 17. Bc4+ Kh8 18. Nxc6 bxc6 19. Bxb6 cxb5 20. Bf7 Qh6
21. Bxc7 Rf8 22. axb5 Be6 23. Bxd6 Rxf7 24. Qd3 Ng8 25. Bc5
Bc8 26. Qd5 Qf4 27. Be3 Qc7 28. Qc5 Qd8 29. Rxa7 Bb7 30. h3
Qh4 31. Rxb7 Rxb7 32. Qc6 Rf7 33. Qc4 Qe1+ 34. Bg1 Rd7 35. Kh2
Rd1 36. Bd4 Qh1+ 37. Kg3 Rd2 38. Bf2 Rxb2 39. b6 Qc1 0-1

[Event "Youth - Experience"]
[Site "Amsterdam NED"]
[Date "2006.08.22"]
[EventDate "2006.08.19"]
[Round "4"]
[Result "1/2-1/2"]
[White "Ulf Andersson"]
[Black "Wang Hao"]
[WhiteElo "2542"]
[BlackElo "2610"]
[PlyCount "40"]

1. Nf3 Nf6 2. c4 c6 3. d4 d5 4. cxd5 cxd5 5. Nc3 Nc6 6. Bf4
Bf5 7. e3 e6 8. Bb5 Nd7 9. O-O Be7 10. Ne5 Ncxe5 11. Bxe5 O-O
12. Bg3 a6 13. Bd3 Bxd3 14. Qxd3 Rc8 15. Rfc1 Nb6 16. Ne2 Qd7
17. Rxc8 Rxc8 18. Rc1 Rxc1+ 19. Nxc1 Qc6 20. Qd1 Qc4 1/2-1/2

[Event "Youth - Experience"]
[Site "Amsterdam NED"]
[Date "2006.08.23"]
[EventDate "2006.08.19"]
[Round "5"]
[Result "1-0"]
[White "Wang Hao"]
[Black "Ljubomir Ljubojevic"]
[WhiteElo "2610"]
[BlackElo "2551"]
[PlyCount "97"]

1. e4 c5 2. Nf3 e6 3. d4 cxd4 4. Nxd4 Nc6 5. Nc3 d6 6. Be3 Nf6
7. f4 Be7 8. Be2 O-O 9. O-O e5 10. Nb3 exf4 11. Rxf4 Ne5
12. h3 b6 13. Bd4 Bb7 14. Bd3 g6 15. Rf1 Nh5 16. Nd5 Bg5
17. c4 Rc8 18. Bxe5 dxe5 19. Qf3 Ba6 20. Rad1 Bxc4 21. Bxc4
Rxc4 22. g4 Ng7 23. h4 Bxh4 24. Ne3 Qc8 25. Nxc4 Qxc4 26. Rd7
a5 27. Nd2 Qe6 28. Rd5 Ne8 29. Qh3 Be7 30. Qg3 Nc7 31. Rd3 Bg5
32. b3 Bf4 33. Qg2 Qc6 34. Nc4 b5 35. Ne3 Ne6 36. Nd5 Bg5
37. Rc3 Qd6 38. Rd1 Kg7 39. Qf2 b4 40. Rc4 Qd7 41. Qg3 Bf4
42. Qd3 Rd8 43. Kf1 Qb7 44. Qf3 Bg5 45. Ke1 Nd4 46. Rdxd4 exd4
47. Rc7 Qxc7 48. Nxc7 d3 49. e5 1-0

[Event "Youth - Experience"]
[Site "Amsterdam NED"]
[Date "2006.08.25"]
[EventDate "2006.08.19"]
[Round "6"]
[Result "0-1"]
[White "John Nunn"]
[Black "Wang Hao"]
[WhiteElo "2617"]
[BlackElo "2610"]
[PlyCount "80"]

1. e4 e6 2. d4 d5 3. Nc3 Bb4 4. e5 c5 5. a3 Bxc3+ 6. bxc3 Ne7
7. a4 Nbc6 8. Nf3 Qa5 9. Bd2 Bd7 10. Bb5 f6 11. c4 Qc7
12. exf6 gxf6 13. cxd5 Nxd5 14. dxc5 O-O-O 15. O-O Rhg8 16. a5
e5 17. a6 Nc3 18. Bxc3 Bh3 19. axb7+ Kb8 20. g3 Rxd1 21. Rfxd1
Bg4 22. Rd3 Rd8 23. Nd2 Kxb7 24. Ne4 Rxd3 25. cxd3 Bf3 26. Bc4
Qd7 27. Nd2 Bd5 28. Ba6+ Kc7 29. Ne4 Qh3 30. f3 f5 31. Nd2 f4
32. gxf4 exf4 33. Rf1 Qf5 34. Kg2 h5 35. Rb1 Ne5 36. Ne4 Qg6+
37. Kf2 Ng4+ 38. fxg4 Qxa6 39. Nf6 Qxd3 40. Be5+ Kc6 0-1

[Event "Youth - Experience"]
[Site "Amsterdam NED"]
[Date "2006.08.26"]
[EventDate "2006.08.19"]
[Round "7"]
[Result "1/2-1/2"]
[White "Wang Hao"]
[Black "Artur Yusupov"]
[WhiteElo "2610"]
[BlackElo "2617"]
[PlyCount "65"]

1. e4 e6 2. d4 d5 3. Nc3 Bb4 4. e5 Ne7 5. a3 Bxc3+ 6. bxc3 c5
7. Qg4 O-O 8. Bd3 Nbc6 9. Qh5 Ng6 10. Nf3 Qc7 11. Be3 Nce7
12. h4 Bd7 13. Qg4 f5 14. Qh3 cxd4 15. cxd4 Bb5 16. O-O Bxd3
17. cxd3 h6 18. h5 Nh8 19. Rfb1 Rac8 20. Bd2 Nc6 21. a4 Kh7
22. a5 Qd7 23. g3 Rc7 24. Kg2 Rfc8 25. Ra3 Qf7 26. Rab3 Rd7
27. Qh1 Rcc7 28. R1b2 Qe8 29. Bc3 Qc8 30. Qh3 Rf7 31. Qh1 Rfd7
32. Qh3 Rf7 33. Qh1 1/2-1/2

[Event "Youth - Experience"]
[Site "Amsterdam NED"]
[Date "2006.08.27"]
[EventDate "2006.08.19"]
[Round "8"]
[Result "1/2-1/2"]
[White "Alexander Beliavsky"]
[Black "Wang Hao"]
[WhiteElo "2625"]
[BlackElo "2610"]
[PlyCount "109"]

1. d4 d5 2. c4 c6 3. Nf3 Nf6 4. Nc3 a6 5. a4 e6 6. Bg5 a5
7. e3 Be7 8. Be2 Na6 9. O-O O-O 10. Qb3 Nb4 11. Na2 Nxa2
12. Rxa2 Nd7 13. Bxe7 Qxe7 14. Raa1 b6 15. cxd5 exd5 16. Rfc1
Bb7 17. Ne1 Rab8 18. Qc3 g6 19. Nd3 Rfc8 20. Bf3 Ba6 21. Nf4
Nf6 22. Qe1 Kg7 23. Rc2 Rc7 24. h4 h6 25. Rac1 Rbc8 26. Qd1
Qd6 27. Rc3 Bc4 28. b3 Ba6 29. g3 Re7 30. Bg2 Rcc7 31. Qc2 Bb7
32. Nd3 Nd7 33. Qb2 Ba6 34. b4 Bxd3 35. Rxd3 Qxb4 36. Qxb4
axb4 37. Rb3 c5 38. Rxb4 Ne5 39. Rxb6 cxd4 40. Rxc7 Rxc7
41. Rb1 d3 42. Rd1 Ra7 43. f4 Ng4 44. Rxd3 Rxa4 45. Bxd5 Ra1+
46. Kg2 Rd1 47. Rxd1 Nxe3+ 48. Kf3 Nxd1 49. Bc6 Nb2 50. Bb5
Nd1 51. g4 Kf6 52. g5+ hxg5 53. fxg5+ Ke7 54. Kf4 Nc3 55. Bc4
1/2-1/2

[Event "Youth - Experience"]
[Site "Amsterdam NED"]
[Date "2006.08.28"]
[EventDate "2006.08.19"]
[Round "9"]
[Result "1/2-1/2"]
[White "Wang Hao"]
[Black "Ulf Andersson"]
[WhiteElo "2610"]
[BlackElo "2542"]
[PlyCount "43"]

1. e4 e6 2. d4 d5 3. Nc3 dxe4 4. Nxe4 Nd7 5. Nf3 Ngf6 6. Bg5
Be7 7. Nxf6+ Nxf6 8. Bd3 c5 9. Qe2 cxd4 10. O-O-O Bd7 11. Ne5
Bc6 12. h4 Nd7 13. Bxe7 Qxe7 14. Nxc6 bxc6 15. Qe4 Qc5 16. Be2
e5 17. f4 O-O-O 18. Bg4 Kc7 19. Bxd7 Rxd7 20. fxe5 Re8
21. Rhe1 Qd5 22. Rd3 1/2-1/2

[Event "Youth - Experience"]
[Site "Amsterdam NED"]
[Date "2006.08.29"]
[EventDate "2006.08.19"]
[Round "10"]
[Result "1/2-1/2"]
[White "Ljubomir Ljubojevic"]
[Black "Wang Hao"]
[WhiteElo "2551"]
[BlackElo "2610"]
[PlyCount "31"]

1. d4 d5 2. c4 c6 3. Nf3 Nf6 4. Nc3 dxc4 5. a4 Bf5 6. e3 e6
7. Bxc4 Bb4 8. O-O Nbd7 9. Nh4 O-O 10. Qb3 Qb6 11. Nxf5 exf5
12. Rd1 Rad8 13. Na2 Bd6 14. Qxb6 Nxb6 15. Bb3 Nbd5 16. Nc3
1/2-1/2

[Event "World Junior Championship"]
[Site "Yerevan ARM"]
[Date "2006.10.03"]
[EventDate "2006.10.03"]
[Round "1"]
[Result "0-1"]
[White "Tamijani Homayoon Toufighi"]
[Black "Wang Hao"]
[WhiteElo "2386"]
[BlackElo "2622"]
[PlyCount "48"]

1. e4 e6 2. d4 d5 3. exd5 exd5 4. Nf3 Bd6 5. c4 Nf6 6. Nc3 O-O
7. c5 Be7 8. Be2 b6 9. cxb6 axb6 10. O-O Be6 11. Bf4 c6
12. Re1 h6 13. Bd3 Nbd7 14. Qd2 Re8 15. Ne5 Nxe5 16. dxe5 Nd7
17. Bxh6 d4 18. Ne2 Nxe5 19. Nf4 Bf6 20. Nxe6 Rxe6 21. Bf4
Nxd3 22. Rxe6 Nxf4 23. Re4 Ne6 24. Rae1 Rxa2 0-1

[Event "World Junior Championship"]
[Site "Yerevan ARM"]
[Date "2006.10.04"]
[EventDate "2006.10.03"]
[Round "2"]
[Result "1-0"]
[White "Wang Hao"]
[Black "Tomasz Warakomski"]
[WhiteElo "2622"]
[BlackElo "2446"]
[PlyCount "111"]

1. e4 e5 2. Nf3 Nc6 3. Bb5 a6 4. Bxc6 dxc6 5. O-O f6 6. d4 Bg4
7. c3 Bd6 8. Be3 Ne7 9. Nbd2 O-O 10. h3 Bh5 11. Nc4 Bf7
12. Ncxe5 fxe5 13. dxe5 Nc8 14. exd6 Nxd6 15. Nd2 Re8 16. Qg4
Be6 17. Qg5 Qd7 18. b3 Rad8 19. c4 Nf7 20. Qg3 Qe7 21. Nf3 Bc8
22. Rfe1 Qf6 23. Rad1 Rxe4 24. Qxc7 Rde8 25. Bd4 Rxe1+
26. Rxe1 Rxe1+ 27. Nxe1 Qxd4 28. Qxc8+ Nd8 29. Nf3 Qa1+
30. Kh2 Qf6 31. g3 h6 32. Kg2 Kh7 33. Qc7 b5 34. c5 Ne6
35. Qd6 Qf5 36. Qxc6 Nxc5 37. g4 Qf8 38. b4 Na4 39. a3 Qd8
40. Qxa6 Qd5 41. Qc8 Nb2 42. Qc5 Qd3 43. Nd4 Nc4 44. Nxb5 Qe4+
45. Kg3 Qd3+ 46. Kh2 Qe2 47. Nc3 Qd3 48. Qf5+ Qxf5 49. gxf5
Nxa3 50. Kg3 Kg8 51. Kf4 Kf7 52. Ke5 Ke7 53. b5 Nc4+ 54. Kd5
Nd6 55. b6 Kd7 56. f6 1-0

[Event "World Junior Championship"]
[Site "Yerevan ARM"]
[Date "2006.10.05"]
[EventDate "2006.10.03"]
[Round "3"]
[Result "1/2-1/2"]
[White "Evgeny Romanov"]
[Black "Wang Hao"]
[WhiteElo "2500"]
[BlackElo "2622"]
[PlyCount "78"]

1. d4 Nf6 2. Bg5 e6 3. Nc3 d5 4. e4 dxe4 5. Nxe4 Be7 6. Bxf6
gxf6 7. Nf3 f5 8. Nc3 a6 9. Qd2 b5 10. O-O-O Bb7 11. Qe3 b4
12. Na4 Qd5 13. b3 Nd7 14. Bc4 Qe4 15. Qd2 Qg4 16. d5 e5
17. Qe2 Bd6 18. h3 Qg6 19. Kb1 h5 20. Nxe5 Nxe5 21. f4 f6
22. fxe5 fxe5 23. Bb5+ Ke7 24. Bc6 Bxc6 25. dxc6 Qe6 26. Nb2
a5 27. Rhf1 h4 28. Nc4 a4 29. Ne3 f4 30. Nd5+ Kf7 31. Nxc7
Bxc7 32. Rd7+ Kf6 33. Rxc7 axb3 34. cxb3 Rhc8 35. Rxc8 Rxc8
36. Qh5 Qf5+ 37. Qxf5+ Kxf5 38. Rc1 Ke6 39. a4 bxa3 1/2-1/2

[Event "World Junior Championship"]
[Site "Yerevan ARM"]
[Date "2006.10.06"]
[EventDate "2006.10.03"]
[Round "4"]
[Result "1-0"]
[White "Wang Hao"]
[Black "Levon Babujian"]
[WhiteElo "2622"]
[BlackElo "2394"]
[PlyCount "95"]

1. e4 e5 2. Nf3 Nc6 3. Bb5 a6 4. Ba4 Nf6 5. O-O Be7 6. Re1 b5
7. Bb3 O-O 8. h3 Bb7 9. d3 d6 10. a3 Na5 11. Ba2 c5 12. Nbd2
Nc6 13. Nf1 Nd4 14. Ng3 Bc8 15. b4 Be6 16. bxc5 Nxf3+ 17. Qxf3
dxc5 18. Nf5 Ne8 19. Bxe6 fxe6 20. Nxe7+ Qxe7 21. Qg3 Nf6
22. Qxe5 Nd7 23. Qg5 Qd6 24. f4 c4 25. Be3 cxd3 26. cxd3 Rac8
27. d4 Rc3 28. d5 Rd3 29. Rad1 Qxa3 30. Rxd3 Qxd3 31. Qe7 Nf6
32. Qxe6+ Kh8 33. Bf2 Re8 34. Qc6 h6 35. d6 Rxe4 36. Rxe4 Nxe4
37. Qe8+ Kh7 38. d7 Qb1+ 39. Kh2 Nf6 40. d8=Q Nxe8 41. Qxe8
Qd3 42. Qe5 b4 43. Bd4 Qg6 44. Qe7 a5 45. f5 Qg5 46. Qxg5 hxg5
47. Kg3 a4 48. Bc5 1-0

[Event "World Junior Championship"]
[Site "Yerevan ARM"]
[Date "2006.10.07"]
[EventDate "2006.10.03"]
[Round "5"]
[Result "1/2-1/2"]
[White "Dmitry Frolyanov"]
[Black "Wang Hao"]
[WhiteElo "2498"]
[BlackElo "2622"]
[PlyCount "38"]

1. d4 d5 2. c4 c6 3. Nf3 Nf6 4. Nc3 a6 5. e3 e6 6. b3 Bb4
7. Bd2 Nbd7 8. Bd3 O-O 9. O-O Bd6 10. Qc2 h6 11. Rad1 e5
12. cxd5 cxd5 13. e4 dxe4 14. Nxe4 Nxe4 15. Bxe4 exd4 16. Nxd4
Nf6 17. Nf5 Nxe4 18. Qxe4 Re8 19. Qf3 Bxf5 1/2-1/2